000 00712nam a22002890a 4500
001 UByD000294
003 AR-LpoUNG
005 20220412172646.0
008 220412s2021||||uy |||||||||||||||||spa d
020 _a9789974747432
040 _aAR-LpoUNG
_bspa
_cAR-LpoUNG
_eaacr
041 _aspa
044 _aag
082 0 _a407 762len
100 1 _aPolakof, Ana Clara
245 1 0 _aLa lengua y el mundo
260 _aMontevideo :
_bDoble Clic,
_c2021.
300 _a86 p.
650 4 _aLINGÜISTICA
650 4 _aTEORIA
650 4 _aINVESTIGACION LINGÜISTICA
650 4 _aCOMPORTAMIENTO LINGÜISTICO
650 4 _aSEMANTICA
650 4 _aGRAMATICA-
905 _a44199
942 _cLIB
_2ddc
999 _c63017
_d63017